Т. 5 : Коми АССР. Период 1941-1945. Вып. 1: Опубликованные работы; Геологическая изученность СССР

Detalhes bibliográficos
Parent link:Геологическая изученность СССР: [обзорные главы, рефераты, аннотации и библиографические справки]/ Академия Наук СССР, Комиссия по геологической изученности СССР ; гл. ред. В. В. Тихомиров. Т. 5 : Коми АССР. Период 1941-1945. Вып. 1: Опубликованные работы.— , 1961-1988
Autor Corporativo: Академия наук СССР (АН СССР) Коми филиал Институт геологии (ИГ)
Outros Autores: Ассовский А. Н. (редактор), Воскресенская Н. А. (составитель), Горбунов Г. И., Зубарев Б. М., Пейве А. В., Калинин П. Д.
Idioma:russo
Publicado em: Ленинград, Наука, 1969
Assuntos:
Formato: Livro
KOHA link:https://koha.lib.tpu.ru/cgi-bin/koha/opac-detail.pl?biblionumber=270872

MARC

LEADER 00000nam2a2200000 4500
001 270872
005 20231031225155.0
035 |a (RuTPU)RU\TPU\book\294053 
035 |a RU\TPU\book\95291 
090 |a 270872 
100 |a 20141002d1969 km y0rusy50 ca 
101 0 |a rus 
102 |a RU 
105 |a y ad 001zy 
200 0 |a Т. 5 : Коми АССР. Период 1941-1945. Вып. 1: Опубликованные работы  |f Академия наук СССР , Коми филиал, Институт геологии; под ред. А. Н. Ассовского, Н. А. Воскресенской, Г. И. Горбунова, Б. М. Зубарева, А. В. Пейве; сост. П. Д. Калинин 
210 |a Ленинград  |c Наука  |d 1969 
215 |a 93 с. 
320 |a Указатель авторов: с. 85-86. 
320 |a Предметно-систематический указатель: с. 86. 
320 |a Географический указатель: с. 86-90. 
320 |a Указатель минералов, полезных ископаемых и месторождений : с. 90-92. 
461 1 |0 (RuTPU)RU\TPU\book\58444  |t Геологическая изученность СССР  |o [обзорные главы, рефераты, аннотации и библиографические справки]  |f Академия Наук СССР, Комиссия по геологической изученности СССР ; гл. ред. В. В. Тихомиров  |v Т. 5 : Коми АССР. Период 1941-1945. Вып. 1: Опубликованные работы  |d 1961-1988 
610 1 |a геология 
610 1 |a Коми АССР 
610 1 |a рефераты 
610 1 |a обзоры 
610 1 |a аннотации 
610 1 |a библиографические справки 
610 1 |a геологическая изученность 
610 1 |a геологическое районирование 
610 1 |a библиографические пособия 
675 |a 55(470.13)  |v 3 
702 1 |a Ассовский  |b А. Н.  |4 340 
702 1 |a Воскресенская  |b Н. А.  |4 340 
702 1 |a Горбунов  |b Г. И.  |4 340 
702 1 |a Зубарев  |b Б. М.  |4 340 
702 1 |a Пейве  |b А. В.  |4 340 
702 1 |a Калинин  |b П. Д.  |4 220 
712 0 2 |a Академия наук СССР (АН СССР)  |b Коми филиал  |b Институт геологии (ИГ)  |c (Сыктывкар)  |c (1958-1987)  |2 stltpush  |3 (RuTPU)RU\TPU\col\11375 
801 1 |a RU  |b 63413507  |c 20060109  |g PSBO 
801 2 |a RU  |b 63413507  |c 20150313  |g PSBO 
942 |c BK